| 000 | 00865nam a22002655a 4500 | ||
|---|---|---|---|
| 005 | 20171126121142.0 | ||
| 006 | a||||f ||z 00| 0 | ||
| 008 | 171126s2007 ii a fr 001 0 eng d | ||
| 020 | _a9788184480801 | ||
| 040 |
_aEG-ScBUE _beng _cEG-ScBUE _dEG-ScBUE |
||
| 082 | 0 | 4 |
_222 _a617.643 _bTEX |
| 245 | 0 | 0 |
_aTextbook of orthodontics / _ceditor Gurkeerat Singh. |
| 250 | _a2nd ed. | ||
| 260 |
_aNew Delhi : _bJaypee Brothers, _c2007. |
||
| 300 |
_a704 p. : _bill. ; _c27 cm. + _eCD-ROM (4 3/4 in.) |
||
| 500 | _aIncludes index. | ||
| 500 | _aIncludes free online access : www. jaypeeonline.in. | ||
| 650 | 7 |
_2BUEsh _941372 _aOrthodontics. |
|
| 650 | 7 |
_2BUEsh _aOrthodontics, Corrective _xmethods. |
|
| 650 | 7 |
_2BUEsh _aMalocclusion _xtherapy. |
|
| 651 | _2BUEsh | ||
| 653 |
_bDDent _cNovember2017 |
||
| 700 | 1 |
_aSingh, Gurkeerat, _eeditor. _941385 |
|
| 942 | _2ddc | ||
| 999 |
_c25663 _d25635 |
||